Projections onto translation-invariant subspaces of Lp(G)
Αποθηκεύτηκε σε:
| Κύριος συγγραφέας: | |
|---|---|
| Μορφή: | Βιβλίο |
| Γλώσσα: | English |
| Δημοσίευση: |
Providence, R.I. :
American Mathematical Society,
1966
|
| Σειρά: | Memoirs of the American Mathematical Society ;
; 63 |
| Θέματα: | |
| Ετικέτες: |
Προσθήκη ετικέτας
Δεν υπάρχουν, Καταχωρήστε ετικέτα πρώτοι!
|
MARC
| LEADER | 00000nam a2200000 i 4500 | ||
|---|---|---|---|
| 001 | 1/27319 | ||
| 008 | 960424s1966 eng d | ||
| 035 | |a 1993 |l 10037796 | ||
| 040 | |a GR-MY-UA |b gre |e aacr | ||
| 041 | 0 | |a eng | |
| 082 | 0 | |a 515.63 | |
| 100 | 1 | |a Rosenthal, Haskell P. | |
| 245 | 1 | 0 | |a Projections onto translation-invariant subspaces of Lp(G) / |c Haskell P. Rosenthal |
| 260 | |a Providence, R.I. : |b American Mathematical Society, |c 1966 | ||
| 300 | |a 83 σ.; |c 26 εκ. | ||
| 490 | 1 | |a Memoirs of the American Mathematical Society |v ; 63 | |
| 504 | |a Περιέχει βιβλιογραφικές αναφορές | ||
| 650 | 0 | 0 | |a Vector analysis. |
| 830 | 0 | |a Memoirs of the American Mathematical Society ; |v ; 63 | |
| 852 | |a INST |b SAMOS |e 19960424 |h 515.63 ROS |p 005300002692 |q 005300002692 |t BK |y 0 | ||
| 909 | |a Σ |b 030533 | ||